[Event "I Open Hotel President A"]
[Site "Correggio ITA"]
[Date "2007.12.07"]
[Round "1"]
[White "Schiatti, Piero"]
[Black "Zimina, Olga"]
[Result "1/2-1/2"]
[WhiteElo "2042"]
[BlackElo "2374"]
[PlyCount "95"]
[EventDate "2007.12.07"]

1. c4 c6 2. d4 d5 3. cxd5 cxd5 4. Nf3 Nf6 5. Nc3 Bf5 6. Qb3 Bc8 7. Bf4 e6 8. e3
Be7 9. Bd3 a6 10. Rc1 Nc6 11. Ne5 O-O 12. h3 Nd7 13. Nxd7 Qxd7 14. Na4 Bb4+ 15.
Ke2 Qe7 16. Nb6 Ra7 17. a3 Bd6 18. Bxd6 Qxd6 19. Nxc8 Rxc8 20. f4 g6 21. Qb6
Qe7 22. g3 Raa8 23. h4 Qd7 24. Rc3 Re8 25. h5 Re7 26. hxg6 fxg6 27. b4 e5 28.
fxe5 Qg4+ 29. Kd2 Rf8 30. Rcc1 Qxg3 31. Rhf1 Qg2+ 32. Be2 Rxf1 33. Rxf1 h5 34.
Qc5 h4 35. Qc1 h3 36. Rg1 Qf2 37. Rxg6+ Rg7 38. Rf6 Qg2 39. Qf1 Ne7 40. Rf8+
Kh7 41. Rf2 Qg3 42. Bd3+ Kh6 43. Rf6+ Ng6 44. Rf3 Qg2+ 45. Rf2 Qg3 46. Rf3 Qg2+
47. Rf2 Qg3 48. Rf3 1/2-1/2

[Event "I Open Hotel President A"]
[Site "Correggio ITA"]
[Date "2007.12.07"]
[Round "2"]
[White "Bertani, Gianfranco"]
[Black "Paoli, Walter"]
[Result "0-1"]
[WhiteElo "2107"]
[BlackElo "2026"]
[PlyCount "68"]
[EventDate "2007.12.07"]

1. Nf3 Nf6 2. b3 g6 3. Bb2 d5 4. e3 Bg7 5. d4 Bg4 6. Nbd2 O-O 7. h3 Bxf3 8.
Nxf3 Ne4 9. Bd3 c5 10. O-O Nc6 11. c4 cxd4 12. exd4 Nb4 13. Bb1 Nc6 14. Qe2 Nf6
15. Rd1 e6 16. Ne5 Nd7 17. cxd5 exd5 18. Nxc6 bxc6 19. Bd3 Re8 20. Qf3 Nc5 21.
Bf1 Ne4 22. Rab1 Qa5 23. Qd3 Qxa2 24. Qc2 Qa5 25. Qxc6 Rac8 26. Qb5 Qd8 27. Ra1
Rc2 28. f3 Rxb2 29. fxe4 Rxe4 30. Bd3 Bxd4+ 31. Kh1 Re3 32. Re1 Qg5 33. Re2
Rbxe2 34. Bxe2 Bxa1 0-1

[Event "I Open Hotel President A"]
[Site "Correggio ITA"]
[Date "2007.12.07"]
[Round "2"]
[White "Calavalle, Giulio"]
[Black "Scalcione, Michelangelo"]
[Result "1/2-1/2"]
[WhiteElo "2238"]
[BlackElo "2357"]
[PlyCount "102"]
[EventDate "2007.12.07"]

1. e4 e5 2. Bc4 Nf6 3. Nc3 Bb4 4. a3 Bxc3 5. dxc3 O-O 6. f3 d6 7. Bg5 Be6 8.
Qe2 a6 9. g4 b5 10. Bd3 Nbd7 11. Nh3 Nb6 12. Qd2 Nc4 13. Qc1 Qe7 14. b3 Nb6 15.
Nf2 Rfe8 16. Nd1 Qf8 17. Bxf6 gxf6 18. g5 Qg7 19. h4 Kh8 20. Nf2 Rg8 21. Qe3
fxg5 22. Rg1 f6 23. O-O-O Nd7 24. Bf1 Nc5 25. Bh3 Qe7 26. hxg5 fxg5 27. Ng4
Raf8 28. Rh1 Rg6 29. Qe2 Qf7 30. Rdg1 Bxb3 31. cxb3 Qxb3 32. Qc2 Qxa3+ 33. Kd2
b4 34. Ke2 b3 35. Qd2 Ne6 36. Ne3 Nf4+ 37. Kf2 Qc5 38. Bf5 Rg7 39. Rh6 a5 40.
Rgh1 Rff7 41. Kg3 a4 42. Ng4 a3 43. Nf6 Rxf6 44. Rxf6 Kg8 45. Rfh6 Rf7 46. Rxh7
Rxh7 47. Bxh7+ Kg7 48. Qh2 Qe3 49. Bf5 Ne2+ 50. Kg2 Nf4+ 51. Kg3 Ne2+ 1/2-1/2

[Event "I Open Hotel President A"]
[Site "Correggio ITA"]
[Date "2007.12.07"]
[Round "2"]
[White "Chierici, Marianna"]
[Black "De Biaggi, Paolo"]
[Result "1-0"]
[WhiteElo "2040"]
[BlackElo "1949"]
[PlyCount "89"]
[EventDate "2007.12.07"]

1. e4 e6 2. d3 d5 3. Nd2 c5 4. Ngf3 Nc6 5. g3 d4 6. e5 Qc7 7. Qe2 Nge7 8. a4
Ng6 9. Nc4 b6 10. Bg2 Ba6 11. O-O Rd8 12. Bg5 Rd7 13. Rae1 h6 14. Bc1 Be7 15.
h4 Bxc4 16. dxc4 Bd8 17. Qe4 Na5 18. Nd2 Ne7 19. Bh3 Qc6 20. Qg4 Nf5 21. b3 g5
22. Bg2 Qc7 23. h5 Nc6 24. Qe4 Nb4 25. Bh3 Ne7 26. f4 d3 27. c3 Nc2 28. Rd1 Qc6
29. Bg2 Qc7 30. fxg5 Nf5 31. g6 fxg6 32. hxg6 Nxg3 33. Qg4 Qxe5 34. Nf3 Ne2+
35. Kf2 Rf8 36. Bxh6 Bc7 37. Rh1 Qg3+ 38. Qxg3 Bxg3+ 39. Kf1 Ne3+ 40. Bxe3 Nxc3
41. g7 Nxd1 42. gxf8=Q+ Kxf8 43. Bd2 Rf7 44. Rh3 Rg7 45. Bh6 1-0

[Event "I Open Hotel President A"]
[Site "Correggio ITA"]
[Date "2007.12.07"]
[Round "2"]
[White "Dvirnyy, Danyyil"]
[Black "Schiatti, Piero"]
[Result "1-0"]
[WhiteElo "2333"]
[BlackElo "2042"]
[PlyCount "61"]
[EventDate "2007.12.07"]

1. Nf3 d5 2. c4 d4 3. e3 Nc6 4. d3 Nf6 5. Be2 e5 6. O-O Bc5 7. exd4 exd4 8. Na3
O-O 9. Rb1 h6 10. Nc2 a5 11. b3 Qe7 12. a3 Rd8 13. Qd2 Bg4 14. Re1 Qf8 15. h3
Bh5 16. b4 axb4 17. axb4 Ba7 18. Qf4 Bxf3 19. Bxf3 Rd7 20. Bd2 Nd8 21. Qf5 Nc6
22. Bxc6 bxc6 23. Bxh6 c5 24. Bg5 Rd6 25. Bf4 Rc6 26. b5 g6 27. Qg5 Nh7 28. Qd5
Rf6 29. Be5 Rf5 30. g4 Nf6 31. Qg2 1-0

[Event "I Open Hotel President A"]
[Site "Correggio ITA"]
[Date "2007.12.07"]
[Round "2"]
[White "Fiorentini, Paolo"]
[Black "Rubini, Alessandro"]
[Result "1-0"]
[WhiteElo "1984"]
[BlackElo "1733"]
[PlyCount "79"]
[EventDate "2007.12.07"]

1. d4 Nf6 2. c4 g6 3. Nc3 Bg7 4. e4 d6 5. f4 O-O 6. Nf3 c5 7. d5 e6 8. Be2 exd5
9. cxd5 a6 10. a4 Ne8 11. O-O Nd7 12. Kh1 f5 13. Ng5 Nc7 14. e5 Qe7 15. Bc4 Nb6
16. Bb3 h6 17. Nf3 Nd7 18. Nd2 Kh7 19. Nc4 Ne8 20. exd6 Nxd6 21. Re1 Ne4 22.
Nxe4 fxe4 23. Bc2 Nf6 24. Ne5 Rd8 25. Qe2 Rxd5 26. Bxe4 Nxe4 27. Qxe4 Rd6 28.
Be3 Bf5 29. Qc4 b6 30. a5 Bxe5 31. fxe5 Qxe5 32. Bxc5 Qd5 33. Qc3 Re6 34. Rxe6
Bxe6 35. Bxb6 Rc8 36. Qg3 Rc4 37. Re1 Rg4 38. Qf2 Rg5 39. Qe2 Bh3 40. Qe7+ 1-0

[Event "I Open Hotel President A"]
[Site "Correggio ITA"]
[Date "2007.12.07"]
[Round "2"]
[White "Genocchio, Daniele"]
[Black "Barletta, Mauro"]
[Result "1-0"]
[WhiteElo "2433"]
[BlackElo "2248"]
[PlyCount "171"]
[EventDate "2007.12.07"]

1. e4 e5 2. Bc4 Nf6 3. d3 c6 4. Nd2 d5 5. Bb3 Bc5 6. Ngf3 O-O 7. c3 Re8 8. O-O
Bg4 9. h3 Bh5 10. Qe2 Nbd7 11. Rd1 Bg6 12. Qf1 a5 13. a4 Ba7 14. g3 Nh5 15. Qg2
Nc5 16. Bc2 Nxd3 17. Bxd3 dxe4 18. Nxe4 Bxe4 19. Bc2 Bxf3 20. Qxf3 Qf6 21.
Bxh7+ Kxh7 22. Qxh5+ Kg8 23. Rf1 Qd6 24. Re1 Qf6 25. Be3 Bxe3 26. Rxe3 Rad8 27.
Rae1 Rd2 28. Rf3 Qg6 29. Qxg6 fxg6 30. b3 b6 31. h4 Rb2 32. c4 e4 33. Rfe3 Rf8
34. R1e2 Rb1+ 35. Kg2 Rf3 36. Rxe4 Rbxb3 37. Rd4 Rf7 38. Rd8+ Rf8 39. Rd7 Rbf3
40. Rb7 b5 41. cxb5 cxb5 42. Rxb5 R3f5 43. Rb7 R8f7 44. Re8+ Rf8 45. Rxf8+ Kxf8
46. f4 Rc5 47. Ra7 Kg8 48. Kf3 Rc3+ 49. Kf2 Rc2+ 50. Kf1 Rc1+ 51. Ke2 Rc2+ 52.
Kd3 Rg2 53. Ra8+ Kh7 54. Rxa5 Rxg3+ 55. Ke4 Kh6 56. Ra8 Kh5 57. Rh8+ Kg4 58.
Rd8 Rf3 59. Rd4 Ra3 60. Kd5 Kxh4 61. Kc5 Ra1 62. Kd6 Kg4 63. Ke6 Re1+ 64. Kf7
Kf5 65. Kxg7 Re7+ 66. Kf8 Re1 67. Kf7 Re2 68. Rb4 Re1 69. Rc4 Re2 70. Rc6 Kxf4
71. Rf6+ Kg5 72. Rxg6+ Kf5 73. Rf6+ Kg5 74. a5 Kg4 75. a6 Kg5 76. Rb6 Ra2 77.
Ke6 Kg6 78. Kd7+ Kg7 79. Kc7 Rf2 80. a7 Rf7+ 81. Kb8 Rf8+ 82. Kb7 Rf7+ 83. Ka6
Rf8 84. Rb8 Rf6+ 85. Rb6 Rf8 86. Rb7+ 1-0

[Event "I Open Hotel President A"]
[Site "Correggio ITA"]
[Date "2007.12.07"]
[Round "2"]
[White "Gilevych, Artem"]
[Black "Reggi, Matteo"]
[Result "1/2-1/2"]
[WhiteElo "2060"]
[BlackElo "1856"]
[PlyCount "74"]
[EventDate "2007.12.07"]

1. d4 d5 2. Nf3 Nc6 3. Bf4 Bg4 4. e3 e6 5. h3 Bh5 6. c4 Nf6 7. Nc3 Bb4 8. Be2
O-O 9. O-O dxc4 10. Bxc4 Nd5 11. Nxd5 exd5 12. Be2 Bd6 13. Bxd6 Qxd6 14. Rc1
Nd8 15. Rc3 f6 16. Nh4 Bxe2 17. Qxe2 g5 18. Rfc1 c6 19. Nf3 Re8 20. g3 Qd7 21.
Kg2 Ne6 22. b4 Rad8 23. h4 a6 24. a4 Re7 25. Rg1 Ng7 26. Nd2 Nf5 27. Nb3 Nd6
28. Nc5 Qf5 29. Rgc1 h5 30. Qf3 Qxf3+ 31. Kxf3 Kf7 32. Rg1 Nc4 33. Ke2 Nd6 34.
Rcc1 Nf5 35. Kd2 Nd6 36. Nd3 Ne4+ 37. Ke2 Nd6 1/2-1/2

[Event "I Open Hotel President A"]
[Site "Correggio ITA"]
[Date "2007.12.07"]
[Round "2"]
[White "Malfagia, Andrea"]
[Black "Mrdja, Milan"]
[Result "0-1"]
[WhiteElo "2244"]
[BlackElo "2408"]
[PlyCount "106"]
[EventDate "2007.12.07"]

1. d4 g6 2. c4 Bg7 3. e4 c5 4. d5 d6 5. Nc3 Nf6 6. f3 O-O 7. Bg5 h6 8. Be3 e6
9. Qd2 exd5 10. cxd5 Re8 11. Nge2 h5 12. Nc1 a6 13. a4 Nbd7 14. Be2 Nh7 15. O-O
f5 16. Kh1 fxe4 17. Nxe4 Ne5 18. Bh6 Bxh6 19. Qxh6 Bf5 20. Ng3 Qf6 21. Qd2 Re7
22. Ra3 Rae8 23. b4 cxb4 24. Qxb4 Nf7 25. Bd3 Bxd3 26. Rxd3 h4 27. Nge2 Rxe2
28. Nxe2 Rxe2 29. Qxb7 h3 30. Qc8+ Kg7 31. Qxh3 Nhg5 32. Qh4 Re4 33. Qf2 Rxa4
34. Rdd1 Nh7 35. f4 Nf8 36. Rde1 a5 37. h3 Rc4 38. Re8 a4 39. Ra8 Nd7 40. Qe3
Qf5 41. Ra7 Nc5 42. Qe7 Rxf4 43. Rxf4 Qxf4 44. Ra8 Ne4 45. Qf8+ Kf6 46. Re8
Neg5 47. Qe7+ Kg7 48. Qf8+ Kh7 49. Qg8+ Kh6 50. Qf8+ Kh5 51. Qg7 Kh4 52. Qxg6
a3 53. Qb1 Qd2 0-1

[Event "I Open Hotel President A"]
[Site "Correggio ITA"]
[Date "2007.12.07"]
[Round "2"]
[White "Moi, Roberto"]
[Black "Frigieri, Fabrizio"]
[Result "0-1"]
[WhiteElo "1939"]
[BlackElo "2074"]
[PlyCount "126"]
[EventDate "2007.12.07"]

1. e4 c5 2. Nf3 Nc6 3. d4 cxd4 4. Nxd4 Nf6 5. Nc3 d6 6. Bg5 e6 7. Qd2 a6 8.
O-O-O h6 9. Bf4 Bd7 10. Nb3 e5 11. Bg3 b5 12. f3 Be6 13. Qe3 Be7 14. Kb1 O-O
15. Nd5 Bxd5 16. exd5 Nb4 17. c4 bxc4 18. Bxc4 Qc8 19. Qe2 a5 20. Be1 Qf5+ 21.
Bd3 Qd7 22. Bb5 Qf5+ 23. Bd3 Nxd3 24. Qxd3 Qxd3+ 25. Rxd3 a4 26. Na5 Rfc8 27.
Bb4 Bf8 28. a3 Nd7 29. Nc6 Nb6 30. Rc1 f5 31. Ba5 Nd7 32. Bb4 Nf6 33. Rc4 Kf7
34. Rdc3 Nxd5 35. Nxe5+ dxe5 36. Rxc8 Nxc3+ 37. Rxc3 Bxb4 38. axb4 Rb8 39. Rc4
Ke6 40. b5 Kd5 41. Rxa4 Rxb5 42. Kc2 e4 43. fxe4+ fxe4 44. Kc3 Ke5 45. b4 Kf4
46. Kc4 Rb8 47. b5 Ke3 48. Rb4 Rc8+ 49. Kd5 Rd8+ 50. Ke5 Re8+ 51. Kd6 Kd3 52.
Kd7 Rf8 53. Ke7 Rb8 54. b6 e3 55. Rb3+ Kd2 56. Kd7 e2 57. Rb2+ Ke3 58. Rb1 Kf2
59. Kc7 Rf8 60. b7 e1=Q 61. Rxe1 Kxe1 62. b8=Q Rxb8 63. Kxb8 Kf2 0-1

[Event "I Open Hotel President A"]
[Site "Correggio ITA"]
[Date "2007.12.07"]
[Round "2"]
[White "Molina, Fabrizio"]
[Black "Bonade', Massimo"]
[Result "1/2-1/2"]
[WhiteElo "2278"]
[BlackElo "2168"]
[PlyCount "74"]
[EventDate "2007.12.07"]

1. c4 c5 2. Nf3 Nc6 3. Nc3 g6 4. e3 Bg7 5. Be2 Nf6 6. O-O O-O 7. a3 d5 8. cxd5
Nxd5 9. Qc2 e5 10. Rd1 Nxc3 11. dxc3 Qe7 12. e4 h6 13. b4 cxb4 14. axb4 Rd8 15.
Be3 Rxd1+ 16. Qxd1 f5 17. Nd2 fxe4 18. b5 Nd4 19. Bc4+ Kh8 20. Nxe4 Bf5 21. Ng3
Qc7 22. cxd4 Qxc4 23. Nxf5 gxf5 24. dxe5 Bxe5 25. Rxa7 Rxa7 26. Bxa7 Qxb5 27.
g3 Qa5 28. Be3 Bg7 29. Qd7 Qa1+ 30. Kg2 Qb1 31. Qd8+ Kh7 32. Qb6 Qe4+ 33. Kg1
Qd5 34. h4 Qd1+ 35. Kh2 Qf3 36. Qb1 Kh8 37. Qb6 Kh7 1/2-1/2

[Event "I Open Hotel President A"]
[Site "Correggio ITA"]
[Date "2007.12.07"]
[Round "2"]
[White "Prati, Alessandro"]
[Black "Lucchi, Lorenzo"]
[Result "0-1"]
[WhiteElo "1877"]
[BlackElo "2003"]
[PlyCount "82"]
[EventDate "2007.12.07"]

1. d4 d6 2. Nf3 Nd7 3. e3 e5 4. Bd3 Ngf6 5. Nbd2 g6 6. O-O Bg7 7. c3 b6 8. e4
Bb7 9. Re1 O-O 10. Nf1 Re8 11. Ng3 exd4 12. cxd4 c5 13. Bf4 d5 14. e5 Ne4 15.
Bxe4 dxe4 16. Nxe4 cxd4 17. Nd6 Bxf3 18. Qxf3 Nxe5 19. Bxe5 Rxe5 20. Rxe5 Bxe5
21. Nxf7 Bxh2+ 22. Kf1 Qc8 23. Qd5 Qa6+ 24. Ke1 Re8+ 25. Ne5+ Kh8 26. g3 Qa5+
27. Qxa5 bxa5 28. Kd2 Rxe5 29. Rh1 Rh5 30. Rc1 Rf5 31. Ke2 d3+ 32. Ke3 d2 33.
Rd1 Rd5 34. Rxd2 Rxd2 35. Kxd2 Kg7 36. Ke3 Kf6 37. Kf3 Kf5 38. Kg2 Bxg3 39.
Kxg3 Ke4 40. f3+ Ke3 41. Kg4 h5+ 0-1

[Event "I Open Hotel President A"]
[Site "Correggio ITA"]
[Date "2007.12.07"]
[Round "2"]
[White "Raineri, Valerio"]
[Black "Efimov, Igor"]
[Result "0-1"]
[WhiteElo "2144"]
[BlackElo "2446"]
[PlyCount "130"]
[EventDate "2007.12.07"]

1. e4 c5 2. Nf3 Nc6 3. d4 cxd4 4. Nxd4 Qb6 5. Nb3 Nf6 6. Nc3 e6 7. Be3 Qc7 8.
f3 Bb4 9. Qd2 d5 10. Bd3 e5 11. a3 Bxc3 12. bxc3 dxe4 13. fxe4 Ng4 14. Bg1 O-O
15. h3 Nf6 16. Be3 Ne7 17. O-O Ne8 18. c4 b6 19. c5 Be6 20. Qf2 Rb8 21. Nd2 b5
22. Nb1 Qc6 23. Nc3 a6 24. Qg3 f6 25. Rab1 Nc7 26. Rb2 Qe8 27. Rfb1 Nc6 28. Qf3
Qf7 29. Rd1 Rfd8 30. Ne2 Rd7 31. Rbb1 Rbd8 32. Ng3 Nd4 33. Qf2 Qf8 34. c3 Nc6
35. Bc2 g6 36. Rxd7 Rxd7 37. Rd1 Rxd1+ 38. Bxd1 Na5 39. Be2 Bc4 40. Nf1 Bxe2
41. Qxe2 Nc4 42. Qa2 Qf7 43. Bf2 Qe6 44. Nd2 Kf7 45. Nxc4 Ke7 46. Qd2 bxc4 47.
Qb2 Qc6 48. Qb8 h5 49. Qg8 Qe8 50. Qh7+ Qf7 51. Qh8 Kd7 52. Qb8 Qe6 53. a4 g5
54. a5 Qc6 55. h4 Qxe4 56. Qb6 gxh4 57. Qd6+ Kc8 58. c6 Qd5 59. Qxf6 Ne6 60.
Qh8+ Kc7 61. Bb6+ Kxc6 62. Qc8+ Kb5 63. Qe8+ Qc6 64. Qxh5 Qxg2+ 65. Kxg2 Nf4+
0-1

[Event "I Open Hotel President A"]
[Site "Correggio ITA"]
[Date "2007.12.07"]
[Round "2"]
[White "Sciortino, Massimo"]
[Black "Caposciutti, Maurizio"]
[Result "1/2-1/2"]
[WhiteElo "2221"]
[BlackElo "2301"]
[PlyCount "50"]
[EventDate "2007.12.07"]

1. e4 c5 2. Nf3 Nc6 3. Nc3 d6 4. d4 cxd4 5. Nxd4 Nf6 6. Bc4 Qb6 7. Nb3 e6 8.
Be3 Qc7 9. O-O a6 10. a4 b6 11. f4 Be7 12. Be2 Bb7 13. Bf3 O-O 14. Qd2 Nb4 15.
a5 b5 16. Bb6 Qc4 17. e5 Nfd5 18. Be2 Qc8 19. exd6 Bxd6 20. Nxd5 Nxd5 21. Bd4
Qc7 22. g3 Rad8 23. Rf3 Rd7 24. c3 Rfd8 25. Rc1 Ne7 1/2-1/2

[Event "I Open Hotel President A"]
[Site "Correggio ITA"]
[Date "2007.12.07"]
[Round "2"]
[White "Tagliagambe, Stefano"]
[Black "Guglielmi, Dante"]
[Result "1/2-1/2"]
[WhiteElo "2017"]
[BlackElo "1925"]
[PlyCount "69"]
[EventDate "2007.12.07"]

1. Nf3 Nf6 2. c4 g6 3. b3 Bg7 4. Bb2 O-O 5. g3 c5 6. Bg2 Nc6 7. O-O d6 8. d4
cxd4 9. Nxd4 Bd7 10. Nc2 Qc8 11. Re1 Bh3 12. Bh1 Qf5 13. e4 Qc5 14. Ne3 Ne5 15.
Nc3 Neg4 16. Na4 Nxe3 17. Rxe3 Qc8 18. Rd3 Bd7 19. Nc3 Bc6 20. Qe2 Nd7 21. Nd5
Re8 22. Bxg7 Kxg7 23. Re1 b5 24. cxb5 Bxb5 25. Qb2+ Kg8 26. Rc3 Nc5 27. b4 Na4
28. Rxc8 Nxb2 29. Nxe7+ Kf8 30. Rxa8 Rxa8 31. e5 Rd8 32. Nc6 Rd7 33. exd6 a6
34. Nd4 Bd3 35. Be4 1/2-1/2

[Event "I Open Hotel President A"]
[Site "Correggio ITA"]
[Date "2007.12.07"]
[Round "2"]
[White "Zimina, Olga"]
[Black "Buriani, Andrea"]
[Result "0-1"]
[WhiteElo "2374"]
[BlackElo "2138"]
[PlyCount "148"]
[EventDate "2007.12.07"]

1. e4 e5 2. Nf3 Nc6 3. Bb5 a6 4. Ba4 Nf6 5. O-O b5 6. Bb3 Bb7 7. Re1 Be7 8. c3
O-O 9. d4 d6 10. a4 h6 11. Nbd2 Re8 12. Nf1 exd4 13. cxd4 Bf8 14. Ng3 Na5 15.
Bc2 c5 16. Nf5 Bxe4 17. Bxe4 Rxe4 18. Rxe4 Nxe4 19. axb5 axb5 20. Qe2 Nb3 21.
Rxa8 Qxa8 22. Bf4 Qa1+ 23. Ne1 d5 24. h3 Nxd4 25. Nxd4 cxd4 26. Kh2 Qa6 27. g3
Qe6 28. Nf3 Ng5 29. Nxd4 Qxe2 30. Nxe2 b4 31. Nc1 Ne6 32. Bd2 Nd8 33. Nd3 Nc6
34. Nf4 d4 35. Nd3 f5 36. Kg2 Kf7 37. Kf3 Bd6 38. g4 Ke6 39. Ke2 fxg4 40. hxg4
Kd5 41. b3 Ke6 42. f3 Na5 43. Nxb4 Nxb3 44. Be1 Nc1+ 45. Kd1 Bxb4 46. Bxb4 Nd3
47. Ba3 Ne5 48. Bf8 Kf7 49. Bc5 Nxf3 50. Ke2 Ne5 51. Bxd4 Nxg4 52. Kf3 Nf6 53.
Kf4 Ke6 54. Bb2 g5+ 55. Kg3 Kf5 56. Bc1 h5 57. Kh3 Nd5 58. Ba3 Nf4+ 59. Kh2 Kg4
60. Be7 Ng6 61. Bd8 Ne5 62. Kg2 h4 63. Be7 h3+ 64. Kh2 Nf3+ 65. Kh1 Kf4 66. Bd8
g4 67. Be7 Ke4 68. Bd6 Ke3 69. Bc7 Ke2 70. Bb8 Kf2 71. Bc7 Nd4 72. Kh2 Kf3 73.
Bd6 Ne2 74. Bc7 Nf4 0-1

[Event "I Open Hotel President A"]
[Site "Correggio ITA"]
[Date "2007.12.08"]
[Round "3"]
[White "Barletta, Mauro"]
[Black "Chierici, Marianna"]
[Result "1/2-1/2"]
[WhiteElo "2248"]
[BlackElo "2040"]
[PlyCount "146"]
[EventDate "2007.12.07"]

1. e4 d6 2. d4 Nf6 3. Nc3 e5 4. dxe5 dxe5 5. Qxd8+ Kxd8 6. Bg5 Be6 7. g3 c6 8.
f4 h6 9. Bxf6+ gxf6 10. O-O-O+ Ke8 11. Nf3 Bg4 12. Be2 Bb4 13. Nh4 Be6 14. f5
Bc8 15. Nb1 b5 16. c3 Ba5 17. b4 Bb6 18. Kb2 a6 19. Nd2 c5 20. a3 Bb7 21. Bd3
Nc6 22. Ng2 Rd8 23. Bc2 a5 24. bxc5 Bxc5 25. Nb3 Bb6 26. Rxd8+ Kxd8 27. Rd1+
Kc7 28. Ne1 h5 29. Nf3 Ne7 30. Nbd2 Nc8 31. c4 Bc6 32. cxb5 Bxb5 33. Bb3 Nd6
34. Rc1+ Kd7 35. Nc4 Bxc4 36. Bxc4 Nxe4 37. Bxf7 Rb8 38. Be6+ Ke7 39. Kc2 Rb7
40. Kd1 Bc5 41. Rc2 Bxa3 42. Ke2 Rb2 43. Rxb2 Bxb2 44. Ne1 a4 45. Kd1 a3 46.
Kc2 Ng5 47. Bc4 Bd4 48. Kb3 Bg1 49. Be2 a2 50. Kxa2 Ne4 51. Bf3 Nf2 52. Bxh5
Bxh2 53. Kb3 Bxg3 54. Kc4 Ne4 55. Ng2 Nd6+ 56. Kd5 Nxf5 57. Ke4 Nd4 58. Ne3 Nb3
59. Nf5+ Ke6 60. Nxg3 Nc5+ 61. Ke3 f5 62. Nxf5 Kxf5 63. Bf3 Nd7 64. Be4+ Kg5
65. Bg2 Nf6 66. Bc6 Ng4+ 67. Kf3 Nf6 68. Ke3 Kg6 69. Bb7 Kf7 70. Bf3 Ke7 71.
Bc6 Kd6 72. Bf3 Kc5 73. Bb7 Nd5+ 1/2-1/2

[Event "I Open Hotel President A"]
[Site "Correggio ITA"]
[Date "2007.12.08"]
[Round "3"]
[White "Bonade', Massimo"]
[Black "Dvirnyy, Danyyil"]
[Result "1/2-1/2"]
[WhiteElo "2168"]
[BlackElo "2333"]
[PlyCount "65"]
[EventDate "2007.12.07"]

1. d4 Nf6 2. c4 g6 3. Nc3 Bg7 4. e4 d6 5. Be2 O-O 6. Nf3 e5 7. Be3 Ng4 8. Bg5
f6 9. Bh4 Nc6 10. d5 Ne7 11. Nd2 Nh6 12. f3 Nf7 13. O-O f5 14. b4 Bh6 15. Bf2
a5 16. bxa5 c5 17. dxc6 bxc6 18. Nb3 Be6 19. Qc2 c5 20. Rfd1 Qc8 21. Nd5 Nxd5
22. cxd5 Bd7 23. Bc4 Ra7 24. Qd3 Bf4 25. a6 fxe4 26. fxe4 Ng5 27. Bg3 Bxg3 28.
hxg3 Qc7 29. Rf1 Re8 30. Rf6 Kg7 31. Rf2 Bc8 32. Rb1 Bd7 33. Nd2 1/2-1/2

[Event "I Open Hotel President A"]
[Site "Correggio ITA"]
[Date "2007.12.08"]
[Round "3"]
[White "Buriani, Andrea"]
[Black "Genocchio, Daniele"]
[Result "0-1"]
[WhiteElo "2138"]
[BlackElo "2433"]
[PlyCount "146"]
[EventDate "2007.12.07"]

1. d4 g6 2. e4 c6 3. Nf3 d5 4. e5 Nh6 5. Bxh6 Bxh6 6. Nbd2 Qb6 7. Nb3 a5 8. a4
Bg4 9. Be2 f6 10. exf6 exf6 11. h3 Bxf3 12. Bxf3 O-O 13. O-O Nd7 14. Qe1 Rfe8
15. Qc3 Bf8 16. Rfe1 Bb4 17. Rxe8+ Rxe8 18. Qd3 f5 19. c3 Bd6 20. Qc2 Nf6 21.
Kf1 Ne4 22. Re1 Bb8 23. Bxe4 fxe4 24. g3 Rf8 25. Kg2 Qd8 26. Re3 h5 27. h4 g5
28. Nc5 Qe7 29. hxg5 b6 30. Nxe4 dxe4 31. Rxe4 Qxg5 32. Qb3+ Qd5 33. Qxd5+ cxd5
34. Re6 Bc7 35. Rg6+ Kf7 36. Rg5 Ke6 37. Rxh5 Rb8 38. Rh6+ Kd7 39. Rh5 Kc6 40.
Rh6+ Kd7 41. Rh5 Kc6 42. Rh6+ Bd6 43. b4 axb4 44. cxb4 b5 45. axb5+ Rxb5 46.
Kf3 Rxb4 47. Ke3 Rb3+ 48. Ke2 Rb2+ 49. Ke3 Rb3+ 50. Ke2 Rb8 51. Kd3 Rf8 52. Ke3
Kd7 53. Rh5 Ke6 54. Rh6+ Kd7 55. Rh5 Ke6 56. Rh6+ Rf6 57. Rh5 Rg6 58. Kf3 Be7
59. Re5+ Kd6 60. Rh5 Re6 61. Rf5 Re4 62. Rf4 Rxf4+ 63. Kxf4 Bf6 64. Ke3 Ke6 65.
g4 Be7 66. f4 Ba3 67. Ke2 Bc1 68. Kf3 Bd2 69. f5+ Kf6 70. Ke2 Bb4 71. Kd3 Kg5
72. Kc2 Kxg4 73. Kb3 Bf8 0-1

[Event "I Open Hotel President A"]
[Site "Correggio ITA"]
[Date "2007.12.08"]
[Round "3"]
[White "Caposciutti, Maurizio"]
[Black "Calavalle, Giulio"]
[Result "1-0"]
[WhiteElo "2301"]
[BlackElo "2238"]
[PlyCount "27"]
[EventDate "2007.12.07"]

1. Nf3 d5 2. c4 c6 3. g3 Nf6 4. Bg2 Bf5 5. O-O e6 6. d3 Bd6 7. Nbd2 h6 8. cxd5
exd5 9. e4 dxe4 10. dxe4 Bg4 11. e5 Bxe5 12. Re1 Nbd7 13. Nxe5 Bxd1 14. Nxc6+
1-0

[Event "I Open Hotel President A"]
[Site "Correggio ITA"]
[Date "2007.12.08"]
[Round "3"]
[White "De Biaggi, Paolo"]
[Black "Prati, Alessandro"]
[Result "0-1"]
[WhiteElo "1949"]
[BlackElo "1877"]
[PlyCount "70"]
[EventDate "2007.12.07"]

1. e4 c5 2. Nf3 d6 3. Bb5+ Bd7 4. Bxd7+ Nxd7 5. c3 Ngf6 6. d3 e6 7. h3 Be7 8.
O-O O-O 9. Nh2 d5 10. Qe2 dxe4 11. dxe4 Qc7 12. c4 Rfd8 13. Nc3 a6 14. f4 Nf8
15. Be3 Rac8 16. Rad1 Rxd1 17. Rxd1 Rd8 18. Rxd8 Qxd8 19. e5 N6d7 20. Ne4 Qc7
21. Nf3 Nb8 22. Qd3 b6 23. g4 Nc6 24. a3 Ng6 25. Bf2 Nxf4 26. Qe3 Nxh3+ 27. Kg2
Nxf2 28. Nxf2 Qd7 29. Qe4 g6 30. g5 Nd4 31. Ng4 Nxf3 32. Nf6+ Bxf6 33. gxf6
Qd2+ 34. Kxf3 Qd1+ 35. Kf2 Qd4+ 0-1

[Event "I Open Hotel President A"]
[Site "Correggio ITA"]
[Date "2007.12.08"]
[Round "3"]
[White "Frigieri, Fabrizio"]
[Black "Fiorentini, Paolo"]
[Result "1-0"]
[WhiteElo "2074"]
[BlackElo "1984"]
[PlyCount "51"]
[EventDate "2007.12.07"]

1. e4 d6 2. d4 Nf6 3. Nc3 Nbd7 4. Nf3 e5 5. Bc4 h6 6. O-O Be7 7. Re1 O-O 8. a4
Re8 9. h3 c6 10. Ba2 Qc7 11. dxe5 dxe5 12. Nh4 Nf8 13. Qf3 Be6 14. Nf5 Bxa2 15.
Rxa2 Ne6 16. Ne2 Rad8 17. Neg3 Nd4 18. Nxd4 Rxd4 19. Nf5 Rc4 20. Bxh6 Rxc2 21.
Bxg7 Qa5 22. Rf1 Qd8 23. Rd1 Rd2 24. Rxd2 Qxd2 25. Bh6 Qe1+ 26. Kh2 1-0

[Event "I Open Hotel President A"]
[Site "Correggio ITA"]
[Date "2007.12.08"]
[Round "3"]
[White "Guglielmi, Dante"]
[Black "Gilevych, Artem"]
[Result "0-1"]
[WhiteElo "1925"]
[BlackElo "2060"]
[PlyCount "86"]
[EventDate "2007.12.07"]

1. c4 c6 2. Nc3 d5 3. cxd5 cxd5 4. d4 Nc6 5. Nf3 Nf6 6. e3 Bf5 7. Bd3 Bxd3 8.
Qxd3 e6 9. O-O Bd6 10. e4 dxe4 11. Nxe4 Be7 12. Rd1 O-O 13. Be3 Qd5 14. Nc3 Qh5
15. d5 Nb4 16. Qb5 Nbxd5 17. Nxd5 Nxd5 18. Qxb7 Nxe3 19. fxe3 Bc5 20. Qe4 Qf5
21. Qxf5 Bxe3+ 22. Kf1 exf5 23. Rd7 Rfd8 24. Rad1 Rxd7 25. Rxd7 f6 26. Nd4 Bxd4
27. Rxd4 Kf7 28. Rd7+ Kg6 29. b4 a6 30. Rd5 Rb8 31. a3 Rb6 32. Kf2 Rc6 33. Ra5
Kg5 34. h3 Kf4 35. g3+ Ke4 36. h4 g5 37. Ra4 Rc2+ 38. Ke1 Ke3 39. Kd1 Rc6 40.
Ra5 gxh4 41. gxh4 f4 42. a4 Rd6+ 43. Kc2 f3 0-1

[Event "I Open Hotel President A"]
[Site "Correggio ITA"]
[Date "2007.12.08"]
[Round "3"]
[White "Lucchi, Lorenzo"]
[Black "Raineri, Valerio"]
[Result "1-0"]
[WhiteElo "2003"]
[BlackElo "2144"]
[PlyCount "109"]
[EventDate "2007.12.07"]

1. e4 e5 2. Nf3 Nc6 3. Bc4 Bc5 4. d3 Nf6 5. Nc3 a6 6. Bg5 h6 7. Be3 Qe7 8. Nd5
Nxd5 9. Bxc5 Qxc5 10. exd5 Na5 11. Nxe5 Nxc4 12. dxc4 O-O 13. O-O d6 14. Nf3
Qxc4 15. b3 Qf4 16. Re1 Bg4 17. Re7 Bxf3 18. Qxf3 Qxf3 19. gxf3 Rac8 20. Rae1
Rfd8 21. Kg2 Kf8 22. Kg3 Re8 23. R7e3 Rxe3 24. fxe3 Ke7 25. e4 Kf6 26. c4 Re8
27. Kf2 g5 28. Ke3 Kg6 29. Kd4 Re5 30. c5 f5 31. b4 fxe4 32. fxe4 g4 33. Rg1 h5
34. h4 Re7 35. Re1 Rf7 36. e5 Rf4+ 37. Kc3 dxe5 38. Rxe5 Rf5 39. Re7 Rf7 40.
Re3 Rf3 41. Rxf3 gxf3 42. Kd3 Kf5 43. Ke3 Ke5 44. Kxf3 Kxd5 45. Kf4 a5 46. Kg5
axb4 47. Kxh5 Kc4 48. Kg4 Kc3 49. h5 Kb2 50. h6 Kxa2 51. h7 b3 52. h8=Q b2 53.
Qa8+ Kb3 54. Qxb7+ Kc2 55. Qxc7 1-0